000 00411nam a2200145Ia 4500
008 151021s9999 xx 000 0 und d
020 _a1873796919
050 _aBV4596.S5.B87 1989
245 _a_Single &Gifted,making the most of your singleness
260 _aThailand Autumn House 1989
300 _a192p;ill.
500 _aIncludes index
650 _a_Singleness
980 _a^d20140122 12:16:20^oanne
999 _c6485
_d6485